00509nam a2200193 a 4500001001300000003000900013005001700022008004100039020001000080082001700090100001700107245003200124260004900156300000900205500003500214505003300249650001600282700001700298nice12345678IN_TiNIC20260116013834.0050524s1989 dela grp 000 0 eng  ac25000a340.59bAJI1 aAjijola, A D aIntroduction to Islamic Law aDelhibInternational Islamic Publisherc1989 a410p aincludes index and biblioraphy2 aSelected Bibliography, Index aIslamic-Law1 aAjijola, A D